Nové pedagogické metódy a formy v telesnej výchove a športe. New pedagogic methods and forms in physical education and sports : Zborník z medzinárodného vedeckého seminára

Salvato in:
Dettagli Bibliografici
Ente Autore: Medzinárodný vedecký seminár Trenčín
Natura: Atti del Convegno Libro
Lingua:multilingua
Pubblicazione: Trenčín : Trenčianska univerzita v Trenčíne, 2002
Soggetti:
Tags: Aggiungi Tag
Nessun Tag, puoi essere il primo ad aggiungerne!!

MARC

LEADER 00000nam a22000003a 4500
001 stu76936
005 20150408161802.6
008 020808s2002----xo------------------mul-d
020 |a 80-88914-58-2 
040 |a STU  |b slo 
041 0 |a mul 
044 |a xo 
080 |a 37 
080 |a 796 
111 2 |a Medzinárodný vedecký seminár  |d (28. jún 2002 :  |c Trenčín) 
245 |a Nové pedagogické metódy a formy v telesnej výchove a športe. New pedagogic methods and forms in physical education and sports :  |b Zborník z medzinárodného vedeckého seminára 
260 |a Trenčín :  |b Trenčianska univerzita v Trenčíne,  |c 2002 
300 |a 164 s 
650 7 |a výchova telesná  |2 stusub 
996 |b 284M050432  |c M*Z-2083  |l MMKN  |s A  |a 24  |w stu76936_0001